[Event "Linares 20th"]
[Site "Linares"]
[Date "2003.02.22"]
[Round "1"]
[White "Radjabov, Teimour"]
[Black "Leko, Peter"]
[Result "0-1"]
[WhiteElo "2624"]
[BlackElo "2736"]
[Annotator "Ftacnik,L"]
[PlyCount "92"]
[EventDate "2003.02.22"]
[EventType "tourn"]
[EventRounds "14"]
[EventCountry "ESP"]
[EventCategory "20"]
[SourceTitle "CBM 094"]
[Source "ChessBase"]
[SourceDate "2003.05.26"]
[SourceVersion "1"]
[SourceVersionDate "2003.05.26"]
[SourceQuality "1"]

1. d4 Nf6 2. c4 e6 3. Nf3 b6 4. Nc3 Bb7 5. a3 d5 6. cxd5 Nxd5 7. Qc2 Nxc3 8.
bxc3 Be7 9. e4 O-O 10. Bd3 c5 11. O-O Qc8 12. Qa2 Rd8 13. Rd1 Ba6 14. Bxa6 Nxa6
15. Qe2 Qb7 16. h4 {In order to benefit from the central pawn majority white
has to attack the black king.} Nc7 17. h5 h6 (17... Ne8 18. h6 Nd6 19. Re1 g6
20. Bf4 $14) 18. Ne5 Ne8 19. Bb2 (19. Ng4 cxd4 20. cxd4 Rac8 $11) 19... Nf6 20.
Re1 b5 $5 21. Rad1 cxd4 22. cxd4 b4 {Leko is consequently trying for the
counterplay on the queenside, where he stands the chance to create a free
passed pawn.} 23. a4 (23. axb4 $2 Bxb4 24. Rf1 Nxe4 $17) (23. Rb1 $5 a5 24. Qf3
$11) 23... Rac8 24. Rd3 Rc7 (24... a5 25. d5 $1 exd5 26. exd5 Rxd5 27. Nxf7
Rxd3 28. Nxh6+ Kf8 29. Qxd3 gxh6 30. Qg6 $18) 25. d5 $1 exd5 (25... Rdc8 $5 26.
Qd1 (26. d6 Rc2 27. Rd2 Rxd2 28. Qxd2 Bf8 29. Qd4 Nxh5 30. Nd3 Nf6 $15) (26.
Nc6 exd5 27. Bxf6 (27. Nxe7+ Rxe7 28. Bxf6 Rxe4 29. Re3 gxf6 30. Rxe4 dxe4 31.
Qg4+ Kf8 32. Qf4 Rc4 $15) 27... Rxc6 28. exd5 Rxf6 29. Qxe7 $11) 26... Rc2 27.
Re2 Rxe2 28. Qxe2 exd5 29. exd5 $11) 26. exd5 Rxd5 (26... Nxd5 27. Nxf7 Kxf7
28. Qe6+ Kf8 (28... Ke8 29. Qg8+ Kd7 30. Rxd5+ Kc8 31. Qe6+ Rdd7 32. Red1 $18)
29. Bxg7+ Kxg7 30. Qg6+ Kf8 31. Qxh6+ Ke8 32. Qg6+ Kd7 33. Qe6+ Ke8 34. Qg8+
Kd7 35. Rxd5+ Kc8 36. Qg4+ Kb8 37. Rb5 $18) 27. Nxf7 $1 {[%mdl 64] Radjabov's
bonfire of sacrifices is creative and very dangerous, even excellent defender
like Leko finds it hard to find the best path in the bundle of complicated
variations.} Rxd3 (27... Kxf7 $5 28. Qe6+ Kf8 29. Bxf6 Rxd3 30. Bxg7+ Kxg7 (
30... Ke8 31. Qg6+ Kd7 32. Qxd3+ $18) 31. Qg6+ Kf8 32. Qxh6+ Ke8 33. Qg6+ Kd8
34. Qg8+ (34. Qxd3+ Rd7 $17) 34... Kd7 35. Qe6+ $11) 28. Nxh6+ (28. Qxd3 Kxf7
29. Qg6+ (29. Bxf6 gxf6 (29... Bxf6 $2 30. Qg6+ Kg8 31. Re8#) 30. Qh7+ Kf8 (
30... Ke8 $2 31. Qg8+ Kd7 32. Rd1+ Bd6 33. Qf7+ Kc6 34. Qd5+ $18) 31. Qh8+ Kf7
32. Qh7+ $11)) 28... Kf8 (28... gxh6 29. Qxd3 Kf8 30. Qg6 Qc6 31. Qxh6+ $16)
29. Qxd3 Qd5 $1 30. Qg3 $6 {After the best move 30.Qg6! the black's defensive
task would not be enviable as the attack against his weakened king would have
become highly unpleasant.} (30. Qxd5 Nxd5 31. Nf5 Bf6 32. Bd4 (32. Nd6 Re7 33.
Rc1 (33. Rxe7 Kxe7 34. Nf5+ Kd7 $15) 33... Bc3 (33... Rd7 34. Rc8+ Ke7 35. Nc4
Nf4 36. Bxf6+ Kxf6 37. Rb8 Rd1+ 38. Kh2 Nd5 39. Rb7 $16) 34. Kf1 Re5 $11) 32...
Bxd4 33. Nxd4 Kf7 $11) (30. Qg6 $1 Qxh5 (30... Ne8 31. Nf5 Qf7 32. Qh7 $18) 31.
Qg3 Rc6 (31... Qc5 32. Nf5 Qxf5 33. Qxc7 $18) 32. Bxf6 Rxf6 33. Ng4 $16) 30...
Bd6 (30... Qd2 31. Kf1 Bd6 32. Qf3 $16) 31. Qh3 (31. Qe3 $6 Re7 32. Qc1 Rxe1+
33. Qxe1 Qxh5 34. Bxf6 gxf6 35. Qd2 Bh2+ 36. Kf1 Kg7 $17) 31... Qxh5 32. Qxh5 (
32. Bxf6 Qxh3 33. gxh3 gxf6 $17) 32... Nxh5 33. Nf5 Bf4 34. Re4 (34. Nd4 Kf7
35. Kf1 (35. Ne6 Rc2 $15) 35... Nf6 $15) 34... Bd2 35. Nd4 (35. Be5 Nf6 36.
Bd6+ Kf7 37. Re2 Rc2 $15) 35... Kf7 36. Re2 (36. g4 Nf6 37. Re2 Bf4 38. Kg2 Rc4
$15) 36... Bc1 37. Nb5 $6 {White has become a defender, as Leko's "b" pawn is
a dangerous piece with distinct potential of forward mobility.} (37. g3 a6 (
37... Bxb2 38. Rxb2 Rc4 39. Nb5 Rc1+ 40. Kg2 a6 41. Nd6+ Ke6 42. Nb7 $11) 38.
Kf1 Nf6 $15) 37... Nf4 $1 38. Re4 (38. Nxc7 Nxe2+ 39. Kf1 Ng3+ 40. fxg3 Bxb2
$17) 38... Rc2 39. Nd6+ (39. Be5 Nd3 40. Bd4 b3 $1 $19) 39... Kg6 40. Bxc1 (40.
Be5 b3 $19) 40... Rxc1+ 41. Kh2 Nd5 42. Nb5 (42. Rd4 b3 $1 43. Rxd5 b2 44. Rb5
b1=Q 45. Rxb1 Rxb1 $19) 42... b3 $1 {Black's main trumph is finally deciding
the game.} 43. Re6+ Kh7 (43... Kf7 44. Re2 Rc2 45. Re1 b2 $19) 44. Re2 Rc2 45.
Re1 b2 46. Rb1 a6 0-1

[Event "Moscow Aeroflot op-A"]
[Site "Moscow"]
[Date "2006.02.13"]
[Round "6"]
[White "Grigoriants, Sergey"]
[Black "Motylev, Alexander"]
[Result "0-1"]
[WhiteElo "2550"]
[BlackElo "2638"]
[Annotator "Ftacnik,L"]
[PlyCount "104"]
[EventDate "2006.02.08"]
[EventType "swiss"]
[EventRounds "9"]
[EventCountry "RUS"]
[SourceTitle "CBM 112"]
[Source "ChessBase"]
[SourceDate "2006.06.07"]
[SourceVersion "1"]
[SourceVersionDate "2006.06.07"]
[SourceQuality "1"]

1. Nf3 Nf6 2. c4 b6 3. Nc3 Bb7 4. d4 e6 5. a3 d5 6. cxd5 Nxd5 7. Bd2 Nd7 8. Qc2
Be7 9. e4 Nxc3 10. Bxc3 O-O 11. Bc4 (11. O-O-O c6 12. h4 b5 13. Rh3 a5 14. d5
cxd5 15. Bxb5 Nf6 16. Ng5 Qb6 17. exd5 Rac8 18. Bd7 Bxd5 19. Bxc8 Rxc8 20. Rxd5
exd5 $17 {0-1 Kamsky,G (2695)-Anand,V (2720)/Sanghi Nagar 1994/ (53)}) (11. Rd1
Rc8 (11... Qc8 12. Be2 c5 13. d5 exd5 14. exd5 Bf6 15. O-O Re8 16. Bb5 Ba6 17.
Bxa6 Qxa6 18. Qf5 Rad8 19. Ng5 Bxg5 20. Qxg5 f6 21. Qg3 b5 22. Rfe1 $16 {
1-0 Karpov,A (2725)-Kortschnoj,V (2605)/Monte Carlo 1993/ (39)}) 12. Bc4 Nf6
13. Bd3 c5 14. dxc5 Rxc5 15. O-O Qa8 16. Rfe1 Rd8 17. e5 Nd5 18. Bxh7+ Kf8 19.
Be4 g6 20. Qd2 Nxc3 21. Qh6+ Kg8 22. Bxg6 Ne2+ 23. Kf1 fxg6 $11 {1/2 Akopian,V
(2630)-Ivanchuk,V (2730)/Yerevan/1996/ (30)}) 11... c5 12. Rd1 {Grigoriants is
not consequent, after the active move with the bishop it would be logical to
try 12.d5!} (12. d5 $1 exd5 13. exd5 Nf6 14. O-O-O $13) 12... cxd4 13. Nxd4 (
13. Rxd4 Qc7 14. Bb5 Nc5 15. O-O Rfd8 $15) 13... Qc7 14. Ba2 (14. Be2 Rfd8 15.
O-O $11) 14... Nf6 15. f3 Rfd8 {Motylev has no reason to complain, one of the
problems for white is the vulnerability of the b8-h2 diagonal.} 16. Qe2 (16.
O-O Bc5 17. Rf2 (17. e5 $2 Rxd4 $1 $19) 17... e5 $19) 16... a6 (16... Bc5 17.
b4 Be7 18. Bb2 a5 $15) 17. Rd3 (17. O-O Bxa3 18. Rc1 Be7 19. b4 b5 $15) 17...
Nd7 18. O-O Nc5 19. Rdd1 (19. Re3 $2 Bg5 $17) 19... Na4 $1 {Excellent transfer
of the knight have sent the bishop packing from the perfect location on c3.}
20. Be1 Bc5 21. Bf2 Qe5 22. Qc2 (22. Nb3 Bxf2+ 23. Rxf2 Nxb2 $1 $17) (22. Bb3
Rxd4 23. Rxd4 Bxd4 24. Bxa4 b5 25. Bb3 Bxb2 $17) 22... b5 (22... Rxd4 23. Rxd4
Bxd4 24. Qxa4 Bxf2+ 25. Rxf2 Rd8 $15) 23. b3 (23. Ne2 Qxb2 24. Qxb2 Bxf2+ 25.
Kxf2 Nxb2 $17) 23... Nb6 $6 {What a shame! Having played very well black is
losing courage in the critical moment when best play offered massive advantage.
} (23... Rac8 24. bxa4 (24. Qd2 Rxd4 25. Bxd4 Rd8 26. Bxc5 Rxd2 27. Rxd2 Qxc5+
28. Kh1 g6 29. bxa4 bxa4 $17) 24... Rxd4 $1 25. axb5 Bd6 $17) 24. Nc6 $1 Bxf2+
25. Qxf2 Bxc6 26. Qxb6 Rxd1 (26... Rdc8 27. Rd2 Qc3 28. Rfd1 $11) 27. Rxd1 Be8
28. Bb1 $2 {Both players are slipping in the wrong moments, white would have
been much better off with 28.Qd4.} (28. Qd4 Qxd4+ 29. Rxd4 Rc8 30. Rd2 Rc3 $15)
28... Qc3 $1 29. Qd4 (29. Qd6 Qxb3 30. Kf2 $15) 29... Qxb3 30. e5 (30. Qd6 Qe3+
31. Kf1 Rc8 $17) 30... Rc8 31. Qd6 Qe3+ 32. Kf1 g6 (32... b4 33. Bd3 (33. axb4
Rc1 34. g3 Qxf3+ $19) 33... Rc1 34. Rxc1 Qxc1+ 35. Ke2 bxa3 36. Qe7 Qb2+ 37.
Kf1 g6 38. Qxe8+ Kg7 $19) 33. Qxa6 (33. Bd3 Bc6 34. Be2 Bd5 35. Qd7 Qc5 $19)
33... Rc1 34. Qd6 b4 $1 {The situation has significantly deteriorated for
white, he must be happy to be resisting at all.} 35. a4 (35. axb4 Bb5+ $19)
35... Rxd1+ (35... b3 36. Be4 b2 37. Qd8 Kf8 38. h3 h5 $19) 36. Qxd1 Qxe5 37.
Qb3 (37. Qd8 Qa1 38. Qxe8+ Kg7 39. Ke2 Qxb1 $17) 37... Qc5 38. Bd3 Qa5 39. Qb2
(39. Bc2 Bc6 $17) 39... Qxa4 {White could have had resigned with a clear
conciense after losing the second pawn.} 40. Qd4 b3 41. Qf6 Qd7 (41... Bb5 42.
Qd8+ Kg7 43. Kf2 Bxd3 44. Qxd3 e5 $19) 42. Be4 Qd1+ 43. Kf2 Qd2+ 44. Kg3 b2 45.
Kh3 Bc6 46. Bb1 Bb5 47. Qe5 Bf1 $1 48. Qb8+ Kg7 49. Qe5+ Kh6 50. Qg3 g5 51. Be4
f6 52. f4 Qxf4 (52... Qe2 53. Bf3 Qe3 $19) 0-1

[Event "Abu Dhabi op 13th"]
[Site "Abu Dhabi"]
[Date "2003.08.19"]
[Round "4"]
[White "Bagirov, Rufat"]
[Black "Kengis, Edvins"]
[Result "1/2-1/2"]
[WhiteElo "2507"]
[BlackElo "2586"]
[Annotator "Ftacnik,L"]
[PlyCount "94"]
[EventDate "2003.08.16"]
[EventType "swiss"]
[EventRounds "9"]
[EventCountry "UAE"]
[SourceTitle "CBM 097"]
[Source "ChessBase"]
[SourceDate "2003.11.11"]
[SourceVersion "1"]
[SourceVersionDate "2003.11.11"]
[SourceQuality "1"]

1. d4 Nf6 2. c4 e6 3. Nf3 b6 4. a3 Ba6 5. Qc2 Bb7 6. Nc3 c5 7. e4 cxd4 8. Nxd4
Nc6 9. Nxc6 Bxc6 10. Qe2 d6 11. g3 Be7 12. Bg2 O-O 13. O-O Nd7 14. b4 {A new
plan in a well known position, white bishop on b2 will be a promising piece.}
Qb8 15. Bb2 Rc8 (15... Bf6 $6 16. Rfd1 Rc8 17. f4 a6 18. e5 $16) 16. Nb5 a6 (
16... Bxb5 17. cxb5 Bf6 18. Bxf6 Nxf6 19. e5 Nd5 20. Bxd5 exd5 21. e6 $14) 17.
Nd4 Bb7 18. f4 Qc7 19. Rac1 Re8 20. f5 (20. Qd3 Bf6 21. Rfd1 Rad8 $11) 20... e5
21. Nf3 (21. Nb3 Bg5 22. Rc2 a5 $11) 21... b5 22. Nd2 (22. cxb5 Qb6+ 23. Qf2
axb5 $11) 22... Bg5 23. Rc3 Nf6 24. Nb3 (24. cxb5 Qb6+ 25. Qf2 Qxf2+ 26. Rxf2
axb5 $15) 24... bxc4 25. Na5 (25. Rxc4 Qb6+ 26. Kh1 a5 $1 27. Nxa5 Ba6 $15)
25... h5 26. h4 (26. Rxc4 Qb6+ 27. Kh1 d5 28. exd5 Bxd5 29. Bxd5 Nxd5 30. Re1
h4 31. Rc5 $14) 26... Bh6 27. Bf3 $6 (27. Rxc4 Qb6+ 28. Kh1 d5 29. exd5 Bxd5
30. Bxd5 Nxd5 31. Re4 $14) 27... Bxe4 $5 {[%mdl 1024] Kengis decided to add
spice to the position, since white's play became very artificial.} (27... d5
28. Nxb7 (28. exd5 Bxd5 29. Nxc4 Bxf3 30. Qxf3 e4 31. Qg2 Rad8 $15) 28... Qxb7
29. exd5 e4 30. Bxh5 Nxd5 31. Rxc4 Ne3 $17) 28. Bxe4 d5 29. Bg2 (29. Bc2 Qb6+
30. Kg2 Ng4 31. Ba4 $14) 29... e4 30. Rd1 (30. Nxc4 $6 d4 31. Rcc1 Rad8 $17)
30... e3 31. Nxc4 (31. Rc2 Ng4 32. Rxd5 Qxg3 33. Nxc4 Qh2+ 34. Kf1 Qf4+ 35. Bf3
(35. Ke1 Qg3+ 36. Kf1 (36. Kd1 Nf2+ $19) 36... Qf4+ $11) 35... Nh2+ 36. Kg2
Nxf3 37. Qxf3 e2 38. Rxe2 Qxc4 39. Rde5 Kf8 40. Qxh5 Rxe5 41. Bxe5 Kg8 $14)
31... dxc4 32. Rxc4 (32. Bxa8 Rxa8 33. Qf3 Re8 34. Re1 Ne4 $11) 32... Qxg3 33.
Bxf6 (33. Qf3 $2 e2 $1 $19) 33... gxf6 34. Qf3 Qxf3 (34... Qe5 35. Qxh5 e2 36.
Rg4+ Bg7 37. Re1 Qe3+ 38. Kh2 Rad8 (38... Qf2 39. Qh6 $18) (38... Qd2 39. Bxa8
Qxe1 40. Qh6 $16) 39. Rg3 $16) 35. Bxf3 Rad8 36. Rxd8 (36. Re1 Re5 37. Bxh5
Rxf5 $11) 36... Rxd8 37. Kf1 {After great adventures players have steared the
game into a peaceful equal ending.} (37. Bxh5 Rd3 38. a4 Rd2 39. Rc8+ Bf8 40.
Re8 Rd4 $11) 37... Rd2 38. Be2 (38. Bxh5 Rf2+ 39. Ke1 Rxf5 40. Be2 Rf2 41. a4
f5 $11) 38... Ra2 39. Rc3 Bf4 40. Bxa6 Rf2+ 41. Ke1 (41. Kg1 Bh2+ 42. Kh1 Bf4
43. Kg1 $11) 41... Ra2 42. Be2 Ra1+ 43. Bd1 Ra2 44. Bc2 (44. Bxh5 Bg3+ 45. Kd1
Rd2+ 46. Kc1 Bf4 47. Rc4 e2 48. Bxe2 Bh6 49. Rg4+ Kf8 50. Bd1 Rd4+ 51. Kc2 Rd2+
52. Kb3 Rxd1 $11) 44... Kg7 $6 {Two accuracies in the end will not spoil the
picture, as opponents have resigned themselves to the drawing outcome.} (44...
Ra1+ 45. Ke2 Rh1 46. Bd3 Rxh4 $11) 45. a4 Bd6 46. Ke2 $2 (46. Kd1 Bxb4 47. Rxe3
Ra1+ 48. Ke2 Rh1 49. Re4 $14) 46... Bxb4 47. Rc7 Ba5 1/2-1/2

[Event "USA-ch"]
[Site "Long Beach"]
[Date "1993.??.??"]
[Round "10"]
[White "Yermolinsky, Alex"]
[Black "Gurevich, Dmitry"]
[Result "1-0"]
[WhiteElo "2605"]
[BlackElo "2575"]
[Annotator "Ftacnik,L"]
[PlyCount "111"]
[EventDate "1993.12.??"]
[EventType "tourn"]
[EventRounds "11"]
[EventCountry "USA"]
[EventCategory "14"]
[SourceTitle "CBM 039"]
[Source "ChessBase"]
[SourceDate "1994.04.01"]
[SourceVersion "1"]
[SourceVersionDate "1994.04.01"]
[SourceQuality "1"]

1. d4 Nf6 2. Nf3 e6 3. Bg5 {The Torre Attack is a fairly safe opening which
has been adopted by many strong players from time to time.} c5 4. e3 cxd4 5.
exd4 b6 6. Bd3 Bb7 7. O-O Be7 8. c4 {We have now reached a position from the
Queen's Indian Defense.} O-O 9. Nc3 d5 10. Qe2 (10. Bxf6 Bxf6 11. cxd5 exd5 12.
Ne5 Nc6 13. Re1 Nxd4 14. Bxh7+ Kxh7 15. Qxd4 Kg8 {was roughly level in
Savon-Bronstein, Kharkov 1967.}) 10... h6 11. Be3 dxc4 12. Bxc4 Nc6 13. Rad1
Nb4 14. Ne5 Rc8 15. Bc1 Qc7 (15... Nbd5 $5 16. Rd3 Nxc3 17. bxc3 Rxc4 18. Nxc4
Ba6 $13 {is, according to Yermolinsky, the best line, since after the text
White has time to sink the knight at b5.}) 16. a3 (16. f4 {is also strong.})
16... Nbd5 (16... Nc6 17. Ba2 Rfd8 {might be playable, or it might allow a
demolition at f7.} 18. Nxf7 Kxf7 19. Qxe6+ Kf8 20. Qf7# {, for example.}) 17.
Nb5 Qb8 18. Rd3 a6 19. Rg3 Rxc4 20. Bxh6 Nf4 21. Rxg7+ Kh8 22. Qxc4 axb5 23.
Qxb5 N6h5 24. Rg4 Rg8 25. Bxf4 Rxg4 26. Nxg4 Nxf4 27. f3 Qd6 28. Qe5+ Qxe5 29.
dxe5 Bc5+ {Black has some practical chances here, but his pieces become too
interdependent.} 30. Kh1 Bd4 31. Rd1 Ne2 32. Rd2 Ba6 33. a4 Bc5 34. Rd8+ Kg7
35. Nf6 Nf4 36. Rg8+ Kh6 37. Ng4+ Kh7 38. Nf6+ Kh6 39. Rh8+ (39. g4 Ng6 40. h4
{was suggested by Benjamin.}) 39... Kg7 40. Rb8 Bf1 41. Rg8+ Kh6 {Time control
was reached a move earlier, but the players did not realize it until now.
Black could resign here.} 42. h4 Bf2 43. g4 Bxh4 44. Rh8+ Kg5 45. Ne4+ Kg6 46.
Rxh4 Be2 47. Kh2 Nd3 48. Kg3 Nxe5 49. f4 Nc4 50. b3 Na5 51. Rh8 f5 52. gxf5+
Kxf5 53. Nd6+ Kf6 54. b4 Nc6 55. b5 Nb4 56. Rh6+ 1-0

[Event "RUS-ch U20"]
[Site "Cheboksary"]
[Date "2006.03.12"]
[Round "11"]
[White "Safronov, Andrey G"]
[Black "Vitiugov, Nikita"]
[Result "0-1"]
[WhiteElo "2314"]
[BlackElo "2573"]
[Annotator "Ftacnik,L"]
[PlyCount "72"]
[EventDate "2006.03.02"]
[EventType "tourn"]
[EventRounds "11"]
[EventCountry "RUS"]
[EventCategory "11"]
[SourceTitle "CBM 112"]
[Source "ChessBase"]
[SourceDate "2006.06.07"]
[SourceVersion "1"]
[SourceVersionDate "2006.06.07"]
[SourceQuality "1"]

1. d4 Nf6 2. c4 e6 3. Nf3 b6 4. a3 Ba6 5. Qc2 Bb7 6. Nc3 c5 7. e4 cxd4 8. Nxd4
Bc5 9. Nb3 Nc6 10. Bg5 h6 11. Bh4 Nd4 12. Nxd4 Bxd4 13. Bd3 Qb8 14. Bg3 Be5 15.
O-O-O O-O 16. Kb1 a6 17. Rhe1 Rc8 18. Qe2 b5 19. cxb5 axb5 20. Nxb5 Bc6 {
[%mdl 4] Black is applying the well know method of creating serious
counterplay against the castling location of the white knight.} (20... Bxg3 21.
hxg3 Nxe4 22. Bxe4 Bxe4+ 23. Qxe4 Qxb5 24. Qd3 Qb7 25. Qxd7 Qxg2 26. Qd4 Rcb8
27. Qe3 Rb5 28. Re2 $11 {1/2 Bologan,V (2679)-Zhang Zhong (2639)/Wijk aan Zee
2004/ (33)}) 21. Rc1 Ra5 22. Nd4 $6 (22. Bxe5 Qxe5 23. f4 (23. Nc3 Rb8 24. Ka1
Qxh2 25. g3 Qh3 $13) 23... Qxf4 24. e5 Rb8 25. g3 Qg5 26. Nd6 Nd5 27. Nc4 $11)
22... Bxg3 23. Nxc6 $2 {Safronov under pressure fails to solve his problems,
black will now have great attack at no cost at all.} (23. hxg3 Rxa3 24. e5 Nd5
25. Bb5 Ra8 26. Nxc6 Qb6 $1 $15) 23... dxc6 24. hxg3 Rxa3 25. Bb5 (25. Red1 Qb6
26. Bb5 Ra5 27. Bc4 Rca8 $17) 25... Ra5 26. Bc4 (26. Bxc6 Qa7 27. Rc4 Ra1+ 28.
Kc2 Rxe1 29. Qxe1 Rxc6 30. Rxc6 Qa4+ $19) (26. Rxc6 Rxc6 27. Bxc6 Qa7 28. e5
Ra1+ 29. Kc2 Qc5+ 30. Kd3 (30. Kb3 Qb6+ $1 31. Kc2 Rxe1 32. Qxe1 Qxc6+ $19)
30... Rxe1 31. Qxe1 Ng4 32. Bf3 Nxe5+ $19) 26... Qb4 27. Rc3 (27. e5 Nd7 28. f4
Rca8 29. Red1 Nc5 $19) 27... Rca8 28. Kc2 {The king is barely scrapping by on
c2 since his residence on b1 has got under fire of the heavy artillery.} Rc5
29. Qd3 (29. Kb1 Ra4 30. Rec1 Qa5 31. Kc2 Re5 32. f3 Nd5 33. Bxd5 cxd5 $17)
29... Rb8 30. Rb1 (30. b3 Ra5 31. Rb1 Ra2+ 32. Rb2 Qa3 $19) 30... Ng4 31. f4 (
31. b3 Ra8 32. Rb2 Ne5 33. Qd4 Ra7 34. f4 Rd7 $19) 31... Rxc4 $1 {The
simplifying combination will break white´s defensive neck.} 32. Rxc4 Ne3+ 33.
Qxe3 Qxc4+ 34. Kd2 (34. Qc3 Qxe4+ 35. Qd3 Qxg2+ $19) 34... Rb3 35. Qe2 Qd4+ 36.
Kc1 Re3 (36... Re3 37. Qf1 Qxe4 $19) 0-1

[Event "Bundesliga 0203"]
[Site "Germany"]
[Date "2003.02.08"]
[Round "10.2"]
[White "Krasenkow, Michal"]
[Black "Stohl, Igor"]
[Result "1/2-1/2"]
[WhiteElo "2651"]
[BlackElo "2547"]
[Annotator "Ftacnik,L"]
[PlyCount "77"]
[EventDate "2002.10.19"]
[EventType "team-tourn"]
[EventRounds "15"]
[EventCountry "GER"]
[SourceTitle "CBM 094"]
[Source "ChessBase"]
[SourceDate "2003.05.26"]
[SourceVersion "1"]
[SourceVersionDate "2003.05.26"]
[SourceQuality "1"]
[WhiteTeam "Baden Oos"]
[BlackTeam "Neukoelln"]
[WhiteTeamCountry "GER"]
[BlackTeamCountry "GER"]

1. Nf3 Nf6 2. c4 b6 3. d4 e6 4. Nc3 Bb7 5. a3 d5 6. cxd5 Nxd5 7. Qc2 Nxc3 8.
bxc3 Be7 9. e4 O-O 10. Bd3 c5 11. O-O Qc8 12. Qa2 Rd8 13. Rd1 Bf6 {New idea,
that is rather provocative, since black is ready to invest two moves to force
e4-e5.} (13... Ba6 14. Bxa6 Nxa6 15. Qe2 (15. Bf4 cxd4 16. cxd4 Qb7 17. Qe2
Rac8 18. Rd3 Nc7 19. Ne5 f6 20. Ng4 Kh8 21. Re1 {1-0 Gershon,A-Hoeksema,H/
Dieren 1999/ (28)}) 15... Qb7 (15... cxd4 16. cxd4 Qb7 17. Bb2 Bf6 18. h4 Nc7
19. h5 h6 20. Nh2 Ne8 21. Rd3 Rac8 22. Ng4 Bg5 {1/2-1/2 Lautier,J-Leko,P/
Cannes 2002/ (50)}) 16. h4 (16. Bf4 cxd4 17. cxd4 Rac8 18. Rd3 Nc7 19. Ne5 Ne8
20. Qh5 Bd6 21. Rg3 f6 22. Rh3 g5 {0-1 Gershon,A-Gurevich,M/Antwerp 1999/ (33)}
) 16... Nc7 17. h5 h6 18. Ne5 Ne8 19. Bb2 Nf6 20. Re1 b5 21. Rad1 cxd4 22. cxd4
b4 23. a4 Rac8 24. Rd3 Rc7 25. d5 exd5 26. exd5 Rxd5 27. Nxf7 Rxd3 28. Nxh6+
Kf8 29. Qxd3 Qd5 {0-1 Radjabov,T-Leko,P/Linares 2003/ (46)}) 14. Bf4 cxd4 15.
e5 (15. cxd4 Bxd4 16. Nxd4 Rxd4 17. Qb2 Qd8 $13) 15... Be7 (15... Bxf3 16. gxf3
Be7 17. cxd4 Nc6 18. Rac1 Qd7 19. Be4 Rac8 20. d5 $14) 16. cxd4 Bd5 17. Qe2 Nc6
18. Ng5 (18. Be4 Qd7 $11) 18... g6 (18... h6 $6 19. Nxf7 $1 Kxf7 20. Qh5+ Kg8 (
20... Kf8 21. Bg6 Bb3 22. Bxh6 $18) 21. Bxh6 $40) 19. Qe3 Qd7 20. Qh3 h5 21.
Be2 (21. Qg3 Rf8 22. Be2 Kh8 23. Rac1 $14) 21... Kg7 22. g4 $1 {Krasenkow
correctly feels, that his chances are only on the kingside.} f6 (22... h4 23.
Qxh4 Rh8 24. Qg3 $16) 23. exf6+ Bxf6 24. gxh5 Nxd4 (24... Qe7 25. h6+ Kh8 26.
Qe3 $16) (24... Rh8 25. Rac1 Rad8 26. Qg3 $16) 25. Bg4 gxh5 $2 (25... Qe8 $1
26. Rac1 Rac8 27. Rxc8 Rxc8 28. Nh7 $5 Ba8 29. Nxf6 Qc6 30. Bh6+ Kxf6 (30...
Kxh6 31. hxg6+ Kxg6 32. Qh7+ Kxf6 33. Qh6+ Kf7 34. Bh5+ Ke7 35. Qg7+ Kd6 36.
Rxd4+ $18) 31. f3 g5 32. Rxd4 Qc1+ 33. Qf1 Qe3+ 34. Qf2 Qc1+ 35. Kg2 Rc2 36.
Rd7 Rxf2+ 37. Kxf2 Qc5+ 38. Kg2 Bxf3+ 39. Bxf3 g4 40. Bg7+ Kg5 41. Be4 Qe3 $11)
26. Bxh5 Rh8 (26... e5 27. Bg4 Qe7 28. Qh7+ Kf8 29. Qg6 $1 Bg8 (29... exf4 30.
Nh7+ Qxh7 31. Qxh7 $18) (29... Bxg5 30. Bxg5 Qf7 31. Qxf7+ Kxf7 32. Bxd8 Rxd8
33. h3 $16) 30. Bd2 Nb3 31. Bb4 Nc5 32. Ne4 $16) 27. Qg4 Kf8 (27... Rhg8 28.
Rac1 Rac8 29. h4 Qb7 (29... Kh8 30. Bg6 $16) 30. Rxc8 Qxc8 31. Rc1 $16) 28. Bd2
$2 {Wrong idea, since the strength of 28.Rac1! was quite overwhelming. Black
would not have been able to defend against all dangers.} (28. Rac1 $1 Rg8 (
28... Bb3 29. Rd3 Qd5 30. Rc7 e5 31. Bf7 $18) (28... Rc8 29. Rxc8+ Qxc8 30.
Bd6+ Be7 31. Qxd4 $18) (28... Bxg5 29. Rxd4 Rxh5 30. Qxh5 $18) 29. Rxd4 Bxd4
30. Rc7 Qxc7 31. Bxc7 Ke7 32. Qxd4 Rxg5+ 33. Kf1 $18) 28... Bxg5 (28... Nc6 29.
Rac1 Ne5 30. Nxe6+ (30. Bb4+ $2 Kg8 31. Qg3 Qg7 $19) 30... Qxe6 31. Bb4+ Be7
32. Qf4+ Kg7 33. Rc7 Rhg8 34. Rxe7+ Kh8+ 35. Qg3 (35. Kf1 Bc4+ 36. Be2 Qh3+ 37.
Ke1 Rg1+ 38. Kd2 Rd8+ 39. Kc1 Rgxd1+ 40. Bxd1 Nd3+ $19) 35... Qf6 36. Rxd5 Raf8
37. Bg4 Rxg4 38. Qxg4 Nxg4 39. Bc3 Qxc3 40. Rh5+ Kg8 41. Rg5+ $11) 29. Bb4+ (
29. Bxg5 Nf5 (29... Qg7 $2 30. Rxd4 Rxh5 31. Qxh5 Qxd4 32. Rc1 $18) (29... Nf3+
30. Qxf3+ Bxf3 31. Rxd7 Rxh5 32. h4 Kg8 $14) 30. Rac1 Qh7 31. Rxd5 Qxh5 $11)
29... Kg8 30. Qxg5+ Qg7 31. Qxg7+ Kxg7 32. Bg4 (32. Rxd4 Rxh5 $11) 32... e5 $6
(32... Nf3+ 33. Bxf3 Bxf3 34. Bc3+ Kh6 35. Bxh8 Rg8+ 36. Kf1 Bxd1 37. Rxd1 Rxh8
38. Rd7 Kg5 $11) 33. Bc3 $2 {Another false move with the bishop, in time
trouble white has lost control of the tactics.} (33. Bd6 $1 Rae8 (33... Kf6 $2
34. f4 $1 $16) 34. f4 (34. Bxe5+ Rxe5 35. Rxd4 Rg5 36. Rad1 Rh3 37. Kf1 Rxh2
38. Rxd5 Rxg4 39. Rd7+ Kf6 40. Rxa7 $14)) 33... Rh4 $1 34. h3 (34. Rxd4 exd4
35. Bxd4+ Kf7 36. h3 Rg8 37. Kf1 Bc4+ 38. Ke1 Be6 $17) 34... Nf3+ $2 {Both
players were short of time so black opts for the cheap way out of
complications.} (34... Rxg4+ 35. hxg4 Ne2+ 36. Kf1 (36. Kh2 Rh8#) 36... Nxc3
37. Rdc1 Rh8 38. Ke1 Rh3 $19) 35. Kg2 Nd4+ (35... Rxg4+ 36. hxg4 Nd4+ 37. Kf1
Bc4+ 38. Kg2 Bd5+ $11) 36. Kf1 Bc4+ 37. Kg2 Bd5+ 38. Kf1 Bc4+ 39. Kg2 1/2-1/2